[Event "Santa Clara Salado Cup"]
[Site "Santa Clara"]
[Date "2018.04.01"]
[Round "6"]
[White "Molina Garcia, Liester"]
[Black "Tanda Pretel, Rafael Antonio"]
[Result "1-0"]
[WhiteElo "2099"]
[BlackElo "1747"]
[PlyCount "93"]
[EventDate "2018.03.29"]
[EventType "swiss"]
[EventRounds "7"]
[EventCountry "CUB"]
[SourceTitle "EXT 2021"]
[Source "ChessBase"]
[SourceDate "2020.10.23"]
[SourceVersion "1"]
[SourceVersionDate "2020.10.23"]
[SourceQuality "1"]

1. d4 d5 2. c4 c6 3. Nc3 Nf6 4. Nf3 e6 5. cxd5 cxd5 6. Bg5 Be7 7. e3 0-0 8. Bd3 Nc6 9. 0-0 Bd7 10. Rc1 Rc8 11. a3 a6 12. b4 Na7 13. Ne5 b5 14. f4 Nc6 15. Qf3 h6 16. Bh4 Nh7 17. Bxe7 Nxe7 18. Bxh7+ Kxh7 19. Nd3 Rc7 20. Nc5 Bc8 21. Qd1 Nc6 22. Qd3+ Kg8 23. Ne2 f5 24. Rc3 Nb8 25. Nc1 Rcf7 26. N1b3 Kh8 27. Rfc1 Qh4 28. Nd2 g5 29. Nf3 Qh5 30. Ne5 Rg7 31. Qd1 Qh4 32. Ncd3 Bd7 33. Kh1 gxf4 34. Nxf4 Rfg8 35. Qe2 Kh7 36. Rc7 Kh8 37. Rb7 Qf6 38. Nh5 Qf8 39. Nxg7 Qxg7 40. Rcc7 Rd8 41. g3 Kg8 42. Rxb8 Rxb8 43. Rxd7 Qg5 44. Rc7 Qd8 45. Qc2 h5 46. Qc6 Qe8 47. Nd7 1-0